000 00869nas a2200289 4500
001 BR7907031
003 BR-BrBNA
005 20231205084010.0
007 ta
008 230509b bl.|||p| |||| 00| 00por d
040 _aBR-BrBNA
_bpor
_cBiblioteca Nacional de Agricultura
041 _a(Pt)
072 _aL10
100 1 _aVale Filho, V.R.
100 1 _aPinto, P.A.
100 1 _aFonseca, J. da
100 1 _aVeiga Soares, L.C.O.
245 1 _aPatologia do semen [bovino, Bos taurus, Bos indicus, Gado zebu, inseminacao artificial, Brasil]
650 _aBOVINO
650 _aGADO ZEBU
650 _aSEMEN
650 _aINSEMINACAO ARTIFICIAL
650 _aREPRODUCAO ANIMAL
773 0 _tRevista dos Criadores (Brazil)
_xISSN 0034-9259
_g(May 1979), v. 69(592) p. 74-75
_wBR7907031
909 _a202311
_bLúcia
_c55
_dLúcia Elande
942 _2AGRIS
_n0
_cANA
999 _c102500
_d102500